[Event "Havana Municipal-ch 12th"]
[Site "Havana"]
[Date "2009.09.25"]
[Round "8"]
[White "Ramos Tuya, Moises"]
[Black "Camas Gomez, Ruben"]
[Result "1/2-1/2"]
[WhiteElo "1976"]
[BlackElo "2087"]
[PlyCount "100"]
[EventDate "2009.09.15"]
[EventType "swiss"]
[EventRounds "11"]
[EventCountry "CUB"]
[EventCategory "1"]
[SourceTitle "EXT 2012"]
[Source "ChessBase"]
[SourceDate "2011.11.24"]
[SourceVersion "1"]
[SourceVersionDate "2011.11.24"]
[SourceQuality "1"]

1. d4 Nf6 2. Nf3 e6 3. Bf4 d5 4. e3 Bd6 5. Bg5 Nbd7 6. c4 c5 7. cxd5 exd5 8. Nc3 Be7 9. Be2 0-0 10. 0-0 a6 11. dxc5 Nxc5 12. Rc1 Be6 13. Nd4 Rc8 14. Nxe6 fxe6 15. Bg4 Nxg4 16. Bxe7 Qxe7 17. Qxg4 Nd3 18. Nxd5 Qf7 19. Rxc8 Rxc8 20. Nf4 Nxf4 21. Qxf4 Qxf4 22. exf4 Rc2 23. Rb1 Kf7 24. Kf1 b5 25. a3 a5 26. h4 Kf6 27. g3 h6 28. Kg2 g5 29. fxg5+ hxg5 30. hxg5+ Kxg5 31. b4 a4 32. Re1 Kf6 33. Kf3 Kf5 34. g4+ Kf6 35. g5+ Kxg5 36. Rxe6 Rc3+ 37. Re3 Rc4 38. Re5+ Kf6 39. Rxb5 Rc3+ 40. Ke4 Rxa3 41. Ra5 Ra1 42. b5 a3 43. Ra6+ Ke7 44. Kf5 a2 45. Ra7+ Kd6 46. b6 Kc6 47. b7 Kc7 48. f4 Kb8 49. Ra3 Kxb7 50. Kf6 Rf1 1/2-1/2